000
00322nam a2200157Ia 4500
100
_a
Hetzel/ Bill
250
_a
2
942
_c
BK
654
_a
Computer
245
_a
Complete guide to Software testing
260
_b
John Wiley
_c
1984
082
_a
5.14
_b
HET
300
_a
221
546
_a
ENGLISH
999
_c
30604
_d
30604